1122 1108 1331 1017 1741 1754 1974 1462 1082 1936 1380 1168 1917 1319 1273 1906 1926 1198 1094 1742 1395 1424 1328 1220 1133 1146 1713 1850 1853 1294 1861 1521 1214 1043 1936 1143 1280 1699 1454 1019 1074 1101 1481 1418 1118 1459 1912 1766 1700 1434 1594 1966 1145 1483 1583 1187 1668 1446 1239 1482 1576 1336 1922 1613 1911 1257 1624 1379 1887 1370 1363 1127 1846 1179 1437 1443 1603 1500 1882 1146 1158 1297 1626 1553 1537 1983 1480 1932 1683 1411 1773 1133 1633 1900 1745 1307 1449 1687 1280 BCNSPRNW ULIB Ver.6.0+V

เปลี่ยนเป็นภาษาไทย

Change to English
 แสดงรายละเอียดบรรณานุกรม
  กลับหน้าหลัก

Brief Record : Get Marc (ISO 2709) : E-mail record : QR code < ปิดหน้าต่าง
LEADER : 00000nam 2200000uu 4500
001    13399126620
003     ULIB
008    190124s2561||||th 000 0 tha d
020    ^a9786163983282
060 04 ^aWY106^bศ542ก
100 0  ^aศิวพร อึ้งวัฒนา
245 10 ^aการพยาบาลชุมชน :^bอนามัยครอบครัว อนามัยโรงเรียน อนามัยสิ่งแวดล้อม และอาชีวอนามัย /^cศิวพร อึ้งวัฒนา ,รังสิยา นารินทร์.
250    ^aพิมพ์ครั้งที่ 1
260    ^aเชียงใหม่ :^bโครงการตำรา คณะพยาบาลศาสตร์ มหาวิทยาลัยเชียงใหม่,^c2561.
300    ^aviii, 117 หน้า :^bภาพประกอบ ;^c25 ซม.
650  4 ^aการพยาบาลอนามัยชุมชน
650  4 ^aอนามัยชุมชน, การพยาบาล
650  4 ^aอนามัยครอบครัว
650  4 ^aอนามัยโรงเรียน
700 0  ^aรังสิยา นารินทร์
710 2  ^aมหาวิทยาลัยเชียงใหม่. ^bคณะพยาบาลศาสตร์
945    ^p150^l0^i005933
945    ^p150^l0^i005932
945    ^p150^l0^i005931
945    ^p150^l0^i005930
945    ^p150^l0^i004928
945    ^p150^l0^i004926
945    ^p150^l0^i004925
945    ^p150^l0^i004923
945    ^p150^l0^i004922
945    ^p150^l0^i005929
945    ^p150^l0^i004927
945    ^p150^l0^i004924
999    ^aประนอม เกษจรัล
รายการนี้ยังไม่มีแท็ก
คุณยังไม่ได้ล็อกอิน คุณสามารถมีกิจกรรมร่วมกับเว็บไซต์ได้ แต่ต้องล็อกอินก่อน ::
  ล็อกอิน

รายการสื่อสารสนเทศ

ลำดับที่ ประเภท เลขเรียก/บาร์โค้ด สถานที่ สถานะ
1. Book การพยาบาล
หนังสือสำรอง
สถานะ=หนังสือสำรอง
WY106 ศ542ก ฉ.1 
  Barcode: 004922
ห้องสมุดวิทยาเขตสวรรค์ประชารักษ์
►หนังสือทั่วไป
บนชั้น
2. Book การพยาบาล
Book การพยาบาล
WY106 ศ542ก ฉ.10 
  Barcode: 005931
ห้องสมุดวิทยาเขตสวรรค์ประชารักษ์
►หนังสือทั่วไป
บนชั้น
3. Book การพยาบาล
Book การพยาบาล
WY106 ศ542ก ฉ.11 
  Barcode: 005932
ห้องสมุดวิทยาเขตสวรรค์ประชารักษ์
►หนังสือทั่วไป
บนชั้น
4. Book การพยาบาล
Book การพยาบาล
WY106 ศ542ก ฉ.12 
  Barcode: 005933
ห้องสมุดวิทยาเขตสวรรค์ประชารักษ์
►หนังสือทั่วไป
บนชั้น
5. Book การพยาบาล
Book การพยาบาล
WY106 ศ542ก ฉ.2 
  Barcode: 004923
ห้องสมุดวิทยาเขตสวรรค์ประชารักษ์
►หนังสือทั่วไป
บนชั้น
6. Book การพยาบาล
Book การพยาบาล
WY106 ศ542ก ฉ.3 
  Barcode: 004924
ห้องสมุดวิทยาเขตสวรรค์ประชารักษ์
►หนังสือทั่วไป
บนชั้น
7. Book การพยาบาล
Book การพยาบาล
WY106 ศ542ก ฉ.4 
  Barcode: 004925
ห้องสมุดวิทยาเขตสวรรค์ประชารักษ์
►หนังสือทั่วไป
บนชั้น
8. Book การพยาบาล
Book การพยาบาล
WY106 ศ542ก ฉ.5 
  Barcode: 004926
ห้องสมุดวิทยาเขตสวรรค์ประชารักษ์
►หนังสือทั่วไป
บนชั้น
9. Book การพยาบาล
Book การพยาบาล
WY106 ศ542ก ฉ.6 
  Barcode: 004927
ห้องสมุดวิทยาเขตสวรรค์ประชารักษ์
►หนังสือทั่วไป
บนชั้น
10. Book การพยาบาล
Book การพยาบาล
WY106 ศ542ก ฉ.7 
  Barcode: 004928
ห้องสมุดวิทยาเขตสวรรค์ประชารักษ์
►หนังสือทั่วไป
บนชั้น
11. Book การพยาบาล
Book การพยาบาล
WY106 ศ542ก ฉ.8 
  Barcode: 005929
ห้องสมุดวิทยาเขตสวรรค์ประชารักษ์
►หนังสือทั่วไป
บนชั้น
12. Book การพยาบาล
Book การพยาบาล
WY106 ศ542ก ฉ.9 
  Barcode: 005930
ห้องสมุดวิทยาเขตสวรรค์ประชารักษ์
►หนังสือทั่วไป
บนชั้น

รายการใกล้เคียง
    ผู้แต่ง [ศิวพร อึ้งวัฒนา]

    หัวเรื่อง [การพยาบาลอนามัยชุมชน]
    หัวเรื่อง [อนามัยชุมชน, การพยาบาล]
    หัวเรื่อง [อนามัยครอบครัว]
    หัวเรื่อง [อนามัยโรงเรียน]

BibComment


ยังไม่เคยถูกคอมเมนท์

คอมเมนท์ทรัพยากรรายการนี้
  คอมเมนท์: การพยาบาลชุมชน ..


 Copyright 2026. Bcnsprnw @Library